Top Architects-Asia. The Leader of Architecture

Enregistré dans:
Détails bibliographiques
Format: Livre
Langue:anglais
Publié: Seoul : Archiworld, 2006
Sujets:
Tags: Ajouter un tag
Pas de tags, Soyez le premier à ajouter un tag!

MARC

LEADER 00000nam a22000003a 4500
001 stu221494
005 20141123103714.7
008 110217s2006------------------------eng-d
020 |a 89-5770-140-0 
040 |a STU  |b slo 
041 0 |a eng 
245 |a Top Architects-Asia. The Leader of Architecture 
260 |a Seoul :  |b Archiworld,  |c 2006 
300 |a 311 s 
650 7 |a architekti ázijskí  |2 stusub 
996 |b 284AU04764  |c A*7330 U  |l AAKNAR  |s A  |a 24  |w stu221494_0001